000 00338nam a2200133Ia 4500
008 231129s2016||||xx |||||||||||||| ||spa||
020 _a978-958-8948-26-3
082 _a863.5 E571v
100 _aEngel Patricia.
245 0 _aVida
260 _c2016
264 _aBogotá: Alfaguara
942 _2ddc
_cBKS
999 _c26253
_d26253